電子工業の長期展望
সংরক্ষণ করুন:
| সংস্থা লেখক: | |
|---|---|
| বিন্যাস: | গ্রন্থ |
| ভাষা: | Undetermined |
| প্রকাশিত: |
東京
日本電子工業振興協会
1974
|
| বিষয়গুলি: | |
| ট্যাগগুলো: |
ট্যাগ যুক্ত করুন
কোনো ট্যাগ নেই, প্রথমজন হিসাবে ট্যাগ করুন!
|
| Thư viện lưu trữ: | Trung tâm Học liệu Trường Đại học Cần Thơ |
|---|
| LEADER | 00513nam a2200181Ia 4500 | ||
|---|---|---|---|
| 001 | CTU_80733 | ||
| 008 | 210402s9999 xx 000 0 und d | ||
| 082 | |a 621.381 | ||
| 082 | |b N691 | ||
| 110 | |a 日本電子工業振興協会 | ||
| 245 | 0 | |a 電子工業の長期展望 | |
| 245 | 0 | |c 日本電子工業振興協会 | |
| 260 | |a 東京 | ||
| 260 | |b 日本電子工業振興協会 | ||
| 260 | |c 1974 | ||
| 650 | |a Electronics | ||
| 904 | |i Ngoc,Hải | ||
| 980 | |a Trung tâm Học liệu Trường Đại học Cần Thơ | ||